Chuyện thường ngày ở huyện Tiểu thuyết

Na minha lista:
Detalhes bibliográficos
Autor principal: Valentin Oveskin
Formato: Livro
Idioma:Undetermined
Publicado em: Matxcơva Cầu Vồng 1984
Assuntos:
Tags: Adicionar Tag
Sem tags, seja o primeiro a adicionar uma tag!
Thư viện lưu trữ: Trung tâm Học liệu Trường Đại học Cần Thơ
LEADER 00512nam a2200181Ia 4500
001 CTU_15903
008 210402s9999 xx 000 0 und d
082 |a 891.743 
082 |b O.96/1984 
100 |a Valentin Oveskin 
245 0 |a Chuyện thường ngày ở huyện 
245 0 |b Tiểu thuyết 
245 0 |c Valentin Oveskin 
260 |a Matxcơva 
260 |b Cầu Vồng 
260 |c 1984 
650 |a russian fiction 
980 |a Trung tâm Học liệu Trường Đại học Cần Thơ